MARC

LEADER 00000nam0a2200000 4500
001 364289
005 20231102011656.0
035 |a (RuTPU)RU\TPU\retro\21647 
090 |a 364289 
100 |a 20211111d1981 km y0rusy50 ca 
101 0 |a rus 
102 |a KZ 
105 |a a z 001zy 
200 1 |a Проветривание подземных выработок при эксплуатации дизельных машин  |f И. Г. Гуршев, Л. А. Винокурова  |g Академия наук Казахской ССР, Институт горного дела 
210 |a Алма-Ата  |c Наука  |d 1981 
215 |a 162 с.  |c ил. 
320 |a Библиогр.: с. 144-159 
606 1 |a Горные выработки подземные  |x Проветривание  |2 stltpush  |3 (RuTPU)RU\TPU\subj\7801  |9 35343 
610 1 |a дизельные машины 
610 1 |a эксплуатация 
610 1 |a отработанные газы 
610 1 |a рудники 
610 1 |a воздух 
610 1 |a концентрация 
610 1 |a ядовитые вещества 
610 1 |a ядовитые газы 
610 1 |a вентиляционные расчеты 
675 |a 622.45  |v 4 
700 1 |a Гуршев  |b И. Г.  |g Игорь Глебович 
701 1 |a Винокурова  |b Л. А.  |g Лидия Александровна 
712 0 2 |a Академия наук Казахской ССР  |b Институт горного дела  |c (Алма-Ата)  |2 stltpush  |3 (RuTPU)RU\TPU\col\19178  |9 27396 
801 1 |a RU  |b 63413507  |c 20211111 
942 |c BK